[Event "Werner-Ott-Open 2012"]
[Site "Berlin GER"]
[Date "2012.07.13"]
[Round "7.14"]
[White "Wallgren,U"]
[Black "Bornschein,B"]
[Result "1-0"]
[WhiteElo "2086"]
[BlackElo "1971"]

1.e4 c5 2.Nf3 d6 3.Bb5+ Nc6 4.O-O Bd7 5.Re1 Nf6 6.h3 a6 7.Bf1 g6 8.c3 Bg7
9.d4 cxd4 10.cxd4 e5 11.dxe5 dxe5 12.Nc3 Be6 13.Be3 Qxd1 14.Rexd1 h6 15.Nd2 O-O
16.Bc4 Rfe8 17.Bxe6 Rxe6 18.Nd5 Rd8 19.Nxf6+ Rxf6 20.Nc4 Rxd1+ 21.Rxd1 b5
22.Nb6 Nd4 23.Nd5 Re6 24.Kf1 f5 25.f3 Kf7 26.Rc1 Rc6 27.Rxc6 Nxc6 28.Nc7 fxe4
29.fxe4 Nb8 30.Ba7 Nc6 31.Bc5 Nb8 32.Bd6 b4 33.Bxb4 Bf8 34.Bxf8 Kxf8 35.Ke2 Ke7
36.Kd3 Kd6 37.Nd5 Nc6 38.a3 Nd4 39.b4 g5 40.a4 Ne6 41.g3 h5 42.Ne3 Nd8 43.Nf5+ Kd7
44.Kc4 Nf7 45.Kd5 h4 46.gxh4 gxh4 47.Nxh4 Ng5 48.Ng6 Nxh3 49.Nxe5+ Kc7 50.Nd3 Ng5
51.e5 Nh7 52.Nc5 Kb6 53.Kd6 a5 54.Nd7+ Kb7 55.b5 Ng5 56.Nc5+ Kc8 57.e6 Nh7
58.b6 Nf6 59.b7+ Kb8 60.Nd7+  1-0

[Event "119th ch-SCO 2012"]
[Site "Glasgow SCO"]
[Date "2012.07.13"]
[Round "7.8"]
[White "McKay,R"]
[Black "Gormally,D"]
[Result "0-1"]
[WhiteElo "2376"]
[BlackElo "2505"]

1.e4 c5 2.Nf3 d6 3.Bb5+ Nd7 4.d4 Nf6 5.Nc3 cxd4 6.Qxd4 e5 7.Qd3 h6 8.a4 a6
9.Bxd7+ Bxd7 10.Be3 Be6 11.O-O Be7 12.Rfd1 O-O 13.a5 Rc8 14.h3 Qd7 15.Nh2 Qc6
16.f3 Ne8 17.Rac1 f5 18.exf5 Bxf5 19.Nd5 Bd8 20.Qb3 Kh8 21.c4 Qd7 22.Bb6 Nf6
23.Bxd8 Nxd5 24.Rxd5 Rfxd8 25.Qb4 Be6 26.Rdd1 Qc6 27.Ng4 e4 28.Qe1 Bxg4 29.fxg4 Qc5+
30.Kh1 Qe5 31.Qe3 Rf8 32.b3 Rf6 33.Rd5 Qe7 34.Re1 Rcf8 35.Kg1 Re6 36.Rf1 Rxf1+
37.Kxf1 Re5 38.Rd4 Qf6+ 39.Kg1 Qe7 40.b4 Kg8 41.Kf2 Kh7 42.Ke2 Re6 43.Kf2 Qf6+
44.Kg1 Qe5 45.h4 Kg8 46.g3 Re8 47.Kg2 Qe6 48.g5 hxg5 49.hxg5 Qg6 50.Qf4 e3
51.Rxd6 Qxd6 52.Qxd6 e2 53.Qf4  0-1

[Event "Turkish Bank Chess League 2012"]
[Site "Konya TUR"]
[Date "2012.07.13"]
[Round "3"]
[White "Menzi,N"]
[Black "Ulusoy,Nisan"]
[Result "1-0"]
[WhiteElo "1913"]
[BlackElo "1793"]

1.e4 c5 2.Nf3 d6 3.Bb5+ Nc6 4.O-O Nf6 5.e5 Ng4 6.d4 Qb6 7.Nc3 Bd7 8.Nd5 Qa5
9.Bd2 Qd8 10.exd6 exd6 11.Re1+ Ne7 12.Bd3 cxd4 13.h3 Ne5 14.Nxe5 dxe5 15.Rxe5 Bc6
16.Nxe7 Bxe7 17.Bb4 Bd5 18.Rxe7+ Qxe7 19.Bxe7 Kxe7 20.Qe1+ Kd7 21.Qe5 Kc6
22.Qxd4 f6 23.c4 Bf7 24.Be4+ Kc7  1-0

[Event "Turkish Bank Chess League 2012"]
[Site "Konya TUR"]
[Date "2012.07.13"]
[Round "3"]
[White "Yildiz,B"]
[Black "Dastan,B"]
[Result "0-1"]
[WhiteElo "2330"]
[BlackElo "2310"]

1.e4 c5 2.Nf3 d6 3.Bb5+ Nd7 4.d4 Nf6 5.O-O cxd4 6.Qxd4 e5 7.Qd3 h6 8.c4 a6
9.Bxd7+ Bxd7 10.Nc3 Be7 11.Be3 O-O 12.Rad1 b5 13.c5 dxc5 14.Nxe5 c4 15.Qe2 Qc8
16.Nxd7 Nxd7 17.Bxh6 Ne5 18.Nd5 Qe6 19.Be3 Rad8 20.Nf4 Qc6 21.Bd4 Nd3 22.Nd5 Qe6
23.Qe3 Bd6 24.Qg5 f6 25.Qg6 Bb8 26.Bc3 Ba7 27.b3 Rf7 28.bxc4 bxc4 29.Nf4 Qb6
30.Nxd3 cxd3 31.Qg3 Rfd7 32.e5 Bb8 33.Rfe1 Qb5 34.Qe3 fxe5 35.Rb1 Qd5 36.Rb4 Rf8
37.Rf1 d2 38.Bxd2 Ba7 39.Qh3 Qxd2  0-1

[Event "Turkish Bank Chess League 2012"]
[Site "Konya TUR"]
[Date "2012.07.13"]
[Round "3"]
[White "Odeev,H"]
[Black "Mamedov,Rau"]
[Result "1/2-1/2"]
[WhiteElo "2382"]
[BlackElo "2628"]

1.e4 c5 2.Nf3 d6 3.Bb5+ Nd7 4.d4 Nf6 5.Nc3 cxd4 6.Qxd4 a6 7.Bxd7+ Nxd7 8.O-O e6
9.Rd1 Qb6 10.Qxb6 Nxb6 11.Bf4 Bd7 12.Bxd6 Bxd6 13.Rxd6 Nc4 14.Rd4 Rc8 15.Nd1 Ke7
16.Nd2 Ne5 17.Ne3 Nc6 18.Rc4 Rhd8 19.Nb3 Be8 20.Re1 Kf8 21.f4 a5 22.e5 b5
23.Rc5 a4 24.Nc1 b4 25.Nd3 b3 26.axb3 axb3 27.Rc3 bxc2 28.Nxc2 Rb8 29.Ra1 Ne7
30.Ne3 Rd4 31.g3 h5 32.Nc2 Rdd8 33.Ne3 h4 34.Raa3 Rd4 35.Rc4 Rdd8 36.Rcc3 Bb5
37.Kf2 Nc6 38.gxh4 Rd4 39.Kg3 Bxd3 40.Rxd3 Rxd3 41.Rxd3 Rxb2 42.Rd6 Rb3 43.Kf2 Rc3
44.Rd7 Nb4 45.Rb7 Nc2 46.Rb8+ Ke7 47.Rb7+ Kf8 48.Rb8+ Ke7 49.Rb7+ Kf8 50.Rb8+ Ke7
51.Rb7+ Kf8  1/2-1/2

[Event "Turkish Bank Chess League 2012"]
[Site "Konya TUR"]
[Date "2012.07.13"]
[Round "3"]
[White "Secer,A"]
[Black "Can,E"]
[Result "1-0"]
[WhiteElo "2319"]
[BlackElo "2469"]

1.e4 c5 2.Nf3 d6 3.Bb5+ Nc6 4.O-O Bd7 5.Re1 Nf6 6.h3 g6 7.c3 Ne5 8.Bxd7+ Nfxd7
9.Nxe5 dxe5 10.d4 exd4 11.cxd4 Bg7 12.d5 O-O 13.Nc3 c4 14.Be3 Ne5 15.Bd4 Qa5
16.Qd2 Rac8 17.b4 Qa6 18.a4 Nd3 19.Bxg7 Kxg7 20.Reb1 f5 21.e5 Nxe5 22.Re1 Qf6
23.Re2 Rfe8 24.Rae1 Nd3 25.Re6 Nxe1 26.Rxf6 exf6 27.Qd4 b6 28.d6 Rcd8  1-0

[Event "Turkish Bank Chess League 2012"]
[Site "Konya TUR"]
[Date "2012.07.13"]
[Round "3"]
[White "Kaya,E"]
[Black "Paikidze,N"]
[Result "0-1"]
[WhiteElo "1992"]
[BlackElo "2381"]

1.e4 c5 2.Nf3 d6 3.Bb5+ Bd7 4.Bxd7+ Qxd7 5.c4 Nf6 6.Nc3 g6 7.d4 cxd4 8.Nxd4 Bg7
9.Be3 Ng4 10.Bg5 h6 11.Bh4 Nc6 12.Nxc6 bxc6 13.O-O g5 14.Bg3 h5 15.h3 h4
16.Bxd6 Nxf2 17.Rxf2 Qxd6 18.Qxd6 exd6 19.Rd1 Ke7 20.Rf3 a5 21.b3 Be5 22.Na4 Rad8
23.Rfd3 Rhg8 24.Kf1 g4 25.c5 gxh3 26.gxh3 Rg6 27.cxd6+ Rdxd6 28.Nb6 Rdf6+
29.Ke1 Rg1+ 30.Kd2 Rf2+ 31.Ke3 Rxd1 32.Rxd1 Rh2 33.Nc4 Rxh3+ 34.Ke2 Bc7 35.Rf1 Rh2+
36.Rf2 Rxf2+ 37.Kxf2 h3 38.e5 f6 39.Kg3 fxe5 40.Kxh3 Ke6 41.Kg4 e4 42.Kg5  0-1

[Event "III Maravilhosa Open 2012"]
[Site "Laranjeiras BRA"]
[Date "2012.07.13"]
[Round "1.1"]
[White "Barbosa,Ev"]
[Black "Santos Junior,Ailton Antonio"]
[Result "1-0"]
[WhiteElo "2435"]
[BlackElo "2017"]

1.e4 c5 2.Nf3 d6 3.Bb5+ Bd7 4.Bxd7+ Qxd7 5.O-O Nc6 6.Qe2 Nf6 7.Rd1 e5 8.c3 Qg4
9.d3 h6 10.Na3 Be7 11.Nc4 O-O 12.Ne3 Qe6 13.c4 Nd4 14.Nxd4 cxd4 15.Nf5 Rfb8
16.f4 b5 17.b3 a5 18.a4 b4 19.Rf1 Kh7 20.Rf3 Ng8 21.Rh3 Bf8 22.Bd2 g6 23.Ng3 exf4
24.Bxf4 Bg7 25.Qd2 Re8 26.Rf1 Ra7 27.Qf2 Be5 28.Ne2 Qf6 29.Rf3  1-0

[Event "5th Int ch-Central Serbia 2012"]
[Site "Paracin SRB"]
[Date "2012.07.13"]
[Round "9.23"]
[White "Lukovic,V"]
[Black "Dimic,P"]
[Result "1/2-1/2"]
[WhiteElo "2329"]
[BlackElo "2116"]

1.e4 c5 2.Nf3 d6 3.Bb5+ Bd7 4.Bxd7+ Qxd7 5.O-O Nf6 6.Re1 Nc6 7.c3 e6 8.d4 cxd4
9.cxd4 d5 10.e5 Ne4 11.a3 Be7 12.Nbd2 Nxd2 13.Bxd2 O-O 14.Rc1 h6 15.Rc3 f5
16.exf6 Rxf6 17.Ne5 Nxe5 18.Rxe5 Bd6 19.Re2 Qf7 20.h3 Re8  1/2-1/2

[Event "4th Rethymno Open"]
[Site "Rethymno GRE"]
[Date "2012.07.13"]
[Round "8.10"]
[White "Sivuk,V"]
[Black "Zinchenko,Ya"]
[Result "1/2-1/2"]
[WhiteElo "2467"]
[BlackElo "2544"]

1.e4 c5 2.Nf3 d6 3.Bb5+ Nd7 4.c3 Nf6 5.Qe2 a6 6.Ba4 e5 7.O-O Be7 8.d4 O-O
9.Bc2 Re8 10.Rd1 Qc7 11.a4 b6 12.Bg5 h6 13.Bxf6 Bxf6 14.dxe5 Nxe5 15.Nxe5 Bxe5
16.Bb3 Bb7 17.Bd5 Bxd5 18.Rxd5 Qb7 19.Qc2 f5 20.f3 b5 21.Nd2 c4 22.Kh1 Qc6
23.Rd1 Rab8 24.axb5 axb5 25.g3 f4 26.gxf4 Bxf4 27.Nf1 b4 28.Ng3 bxc3 29.bxc3 Rb3
30.Nh5 Be5 31.Qg2 Qb7 32.f4 Bxc3 33.e5 Rd8 34.Qe4 Rb5 35.Nf6+ gxf6 36.Qg6+ Kf8
37.Qxf6+ Ke8 38.Qe6+ Kf8 39.Qxh6+ Ke8 40.Qe6+ Kf8 41.Qf5+ Ke8 42.Qh5+ Kd7
43.e6+ Kxe6 44.Qh3+ Kf7 45.Qxc3 Ra8 46.Qh3 Qxd5+ 47.Rxd5 Ra1+ 48.Kg2 Ra2+
49.Kf3 Rb3+ 50.Kg4 Rxh3 51.Kxh3 Ke6 52.Rd1 c3 53.Rc1 c2 54.Kg4 d5 55.Kf3 Kf5
56.Ke3 Rb2 57.Kd3 Kxf4 58.Rxc2 Rxc2 59.Kxc2 Ke3 60.Kd1  1/2-1/2

[Event "4th Rethymno Open"]
[Site "Rethymno GRE"]
[Date "2012.07.13"]
[Round "8.12"]
[White "Markidis,K"]
[Black "Romero Holmes,A"]
[Result "1/2-1/2"]
[WhiteElo "2291"]
[BlackElo "2523"]

1.e4 c5 2.Nf3 d6 3.Bb5+ Bd7 4.Bxd7+ Qxd7 5.c4 Nc6 6.Nc3 g6 7.d4 cxd4 8.Nxd4 Bg7
9.Be3 Nf6 10.f3 O-O 11.O-O Rfc8 12.b3 Qd8 13.Rc1 Qa5 14.Nde2 Nd7 15.Kh1 a6
16.a4 Re8 17.Qd2 Rac8 18.Rfd1 Qb4 19.Rb1 Qa5 20.Bh6 Bh8 21.Be3 Be5 22.Nd5 Qxd2
23.Rxd2 Bg7 24.Kg1 Nce5 25.Nb6 Nxb6 26.Bxb6 Nd7 27.Be3 a5 28.Nd4 Nc5 29.Kf2 h5
30.g3 Rf8 31.Kg2 f5 32.exf5 gxf5 33.Ne2 Rc6 34.Bxc5 Rxc5 35.Rd3 Kf7 36.Rd5 b6
37.f4 Bf6  1/2-1/2

[Event "TCh-CHN 2012"]
[Site "Tianjin CHN"]
[Date "2012.07.13"]
[Round "9"]
[White "Zeng,C"]
[Black "Li Haoyu"]
[Result "1/2-1/2"]
[WhiteElo "2435"]
[BlackElo "2389"]

1.e4 c5 2.Nf3 d6 3.Bb5+ Bd7 4.Bxd7+ Qxd7 5.O-O Nc6 6.Qe2 g6 7.c3 Bg7 8.Rd1 e5
9.b4 cxb4 10.cxb4 Nge7 11.a3 O-O 12.d3 d5 13.Nbd2 Rfd8 14.Bb2 d4 15.Nb3 b6
16.Nfd2 Nc8 17.Rac1 Nd6 18.Nc4 Rac8 19.Nxd6 Qxd6 20.Rc4 a5 21.bxa5 Nxa5 22.Nxa5 bxa5
23.Rdc1 Rxc4 24.Rxc4 Rb8 25.h3 h5 26.Bc1 Qb6 27.Kh2 Kh7  1/2-1/2

[Event "11th Bergamo Open Elite"]
[Site "Bergamo ITA"]
[Date "2012.07.14"]
[Round "3.6"]
[White "Monjac,M"]
[Black "Neiksans,A"]
[Result "0-1"]
[WhiteElo "2093"]
[BlackElo "2534"]

1.e4 c5 2.Nf3 d6 3.Bb5+ Nd7 4.O-O Nf6 5.Re1 a6 6.Bf1 b6 7.d4 cxd4 8.Qxd4 e5
9.Qd1 Bb7 10.Nc3 b5 11.Bg5 Be7 12.a3 h6 13.Bxf6 Nxf6 14.Qd3 O-O 15.Rad1 Rc8
16.Nd2 Qb6 17.Be2 Rfd8 18.Nf1 b4 19.Nd5 Nxd5 20.exd5 bxa3 21.bxa3 Rc5 22.c4 Bc8
23.Ne3 g6 24.Rb1 Qc7 25.Qb3 Ra5 26.Nc2 Bd7 27.Qb6 Rc8 28.Qxc7 Rxc7 29.Rb6 Bf5
30.Nb4 Rxa3 31.Nxa6 Ra7 32.c5 dxc5 33.d6 Bg5 34.Bb5 Rc3 35.h4 Bxh4 36.Rxe5 Rc1+
37.Kh2 Bxf2 38.Rxf5 gxf5 39.d7 Ra8 40.Nc7 Rd8 41.Rxh6 Rc3 42.Nd5 Bg3+ 43.Kg1 Rc1+
44.Bf1 Rxd7  0-1

[Event "Sparkassen Open A"]
[Site "Dortmund GER"]
[Date "2012.07.14"]
[Round "1.33"]
[White "Begna,B"]
[Black "Grahl,Matthias"]
[Result "1/2-1/2"]
[WhiteElo "2088"]
[BlackElo "1851"]

1.e4 c5 2.Nf3 d6 3.Bb5+ Bd7 4.Bxd7+ Qxd7 5.c4 Nc6 6.d4 cxd4 7.Nxd4 Nf6 8.Nc3 g6
9.f3 Bg7 10.Be3 h5 11.Qd2 Rc8 12.Nde2 h4 13.Rd1 h3 14.Nd4 hxg2 15.Qxg2 Qh3
16.Kf2 Qxg2+ 17.Kxg2 Nxd4 18.Bxd4 Rxc4 19.Bxa7 Nd7 20.Be3 Bxc3 21.Rc1 Ne5
22.Rxc3 Rxc3 23.bxc3 Kd7 24.Rb1 Kc6 25.Rb6+ Kc7 26.Rb4 Ra8 27.a4 Nc6 28.Bb6+ Kd7
29.Rc4 Ra6 30.Be3 Na5 31.Rb4 Rc6 32.Bd4 Kc8 33.f4 Rc4 34.Kf3 e6 35.Ke2 d5
36.exd5 exd5 37.f5 Nc6 38.Rxc4 dxc4 39.Bf6 Kd7 40.h4 gxf5 41.h5 Ke6 42.Bh4 f4
43.h6 Ne5 44.h7 Ng6 45.Bd8 f6 46.Kf3 Kf7 47.Ke4 Kg7 48.Kd5 f3 49.Bb6 Kxh7
50.Kxc4 Nf4 51.a5 Kg6 52.Bd4 Kf5 53.Kb5 Ne2 54.Bf2 Nxc3+ 55.Kb6 Ne4 56.Be1 Nd6
57.Kc5 Ke6 58.Kd4 Kf5 59.Kc5 Ke6  1/2-1/2

[Event "ch-SWE 2012"]
[Site "Falun SWE"]
[Date "2012.07.14"]
[Round "8.5"]
[White "Vaarala,E"]
[Black "Grandelius,N"]
[Result "0-1"]
[WhiteElo "2251"]
[BlackElo "2570"]

1.e4 c5 2.Nf3 d6 3.Bb5+ Nd7 4.c3 Nf6 5.Qe2 a6 6.Ba4 b5 7.Bc2 Bb7 8.d3 g6
9.O-O Bg7 10.Rd1 O-O 11.Nbd2 e5 12.Nf1 d5 13.a4 b4 14.Ne3 bxc3 15.bxc3 dxe4
16.dxe4 Nxe4 17.Bxe4 Bxe4 18.Ng4 Bc6 19.Bh6 Qe7 20.Nfxe5 Bxe5 21.Rxd7 Bxh2+
22.Kf1 Qxe2+ 23.Kxe2 Rfe8+ 24.Kf1 Bxd7 25.Nf6+ Kh8 26.Nxd7 Be5 27.Nxe5 Rxe5
28.Be3 Kg7 29.Rb1 Rc8 30.Rb6 Re6 31.Rb7 h6 32.Ke2 g5 33.Kd3 c4+ 34.Kc2 Kg6
35.a5 Rcc6 36.Kb2 Re5 37.Bb6 Rb5+ 38.Kc2 Re6 39.Ra7 Re2+ 40.Kc1 Rb3 41.Bd4 Re6
42.Kc2 Ra3 43.Bb6 Ra2+ 44.Kd1 f6 45.Rc7 Ra4 46.Ra7 h5 47.Kc1 Ra1+ 48.Kb2 Rg1
49.Rxa6 Re2+ 50.Ka3 Rb1  0-1

[Event "ch-SUI Hauptturnier 1 2012"]
[Site "Flims SUI"]
[Date "2012.07.14"]
[Round "3"]
[White "Hirstel,S"]
[Black "Rindlisbacher,J"]
[Result "0-1"]
[WhiteElo "1901"]
[BlackElo "2204"]

1.e4 c5 2.Nf3 d6 3.Bb5+ Nc6 4.O-O Bd7 5.d4 cxd4 6.Nxd4 Nf6 7.Nxc6 bxc6 8.Bd3 g6
9.b3 Bg7 10.Bb2 O-O 11.Nd2 d5 12.e5 Ng4 13.Qe2 c5 14.h3 Nh6 15.Rae1 Qc7 16.Nf3 a5
17.Ba1 a4 18.Ng5 e6 19.Nf3 Nf5 20.g4 Ne7 21.Nd2 axb3 22.axb3 Rxa1 23.Rxa1 Bxe5
24.Ra6 Nc6 25.Nf3 Bf6 26.Qd2 Nb4 27.Raa1 e5 28.c3 Nxd3 29.Qxd3 e4 30.Qxd5 exf3
31.Qxf3 Be5 32.Ra6 Bb5  0-1

[Event "ch-SUI Hauptturnier 1 2012"]
[Site "Flims SUI"]
[Date "2012.07.14"]
[Round "3"]
[White "Duport,N SUI"]
[Black "Cebalo,M"]
[Result "0-1"]
[WhiteElo "2218"]
[BlackElo "2416"]

1.e4 c5 2.Nf3 d6 3.Bb5+ Nc6 4.O-O Bd7 5.Re1 Nf6 6.h3 a6 7.Bf1 b5 8.c3 e5
9.d4 Qc7 10.a4 Rb8 11.d5 Nd8 12.axb5 axb5 13.b4 c4 14.Qc2 Be7 15.Be3 O-O
16.Nbd2 Ne8 17.Nh2 f5 18.f3 Bh4 19.Reb1 f4 20.Ba7 Ra8 21.Qa2 Bxh3 22.gxh3 Rf7
23.Qa6 Qxa7+ 24.Qxa7 Rfxa7 25.Rxa7 Rxa7 26.Rc1 Nf7 27.Nxc4 bxc4  0-1

[Event "Turkish Bank Chess League 2012"]
[Site "Konya TUR"]
[Date "2012.07.14"]
[Round "4"]
[White "Duman,A"]
[Black "Can,E"]
[Result "1-0"]
[WhiteElo "2215"]
[BlackElo "2469"]

1.e4 c5 2.Nf3 d6 3.Bb5+ Nc6 4.O-O Bd7 5.Re1 Nf6 6.c3 a6 7.Bxc6 Bxc6 8.d4 Bxe4
9.Bg5 Bd5 10.Nbd2 e6 11.c4 Bxf3 12.Qxf3 cxd4 13.Bxf6 gxf6 14.Qxb7 Bg7 15.Qc6+ Ke7
16.Qe4 Rc8 17.Qxd4 Rg8 18.Qd3 Qb6 19.Nf3 Kf8 20.Rad1 Rd8 21.b3 h6 22.Nd4 Re8
23.Qe4 Qc5 24.Qb7 f5 25.Nc6 Bf6 26.Qxa6 f4 27.Qb5 Qa3 28.Nd4 Qxa2 29.Nf3 Qa8
30.Qh5 Ke7 31.c5 d5 32.Qxd5 Qxd5 33.Rxd5 Bc3 34.Re4 Rd8 35.Rxd8 Rxd8 36.Kf1 Rb8
37.Rxf4 Rxb3 38.Ra4 Rb5 39.Rc4 Ba5 40.Nd4 Rb1+ 41.Ke2 Bc7 42.Rb4 Rc1 43.Rb7 Kd8
44.Nb5 Be5 45.Nd6 Rxc5 46.Nxf7+ Ke8 47.Nxh6 Rc2+ 48.Ke3 Rc3+ 49.Kd2 Rc4 50.g3 Bf6
51.Kd3 Rd4+ 52.Ke3 Ra4 53.Kf3 Ra3+ 54.Kg2 Ra4 55.h3 Be7 56.Ng4 Kf7 57.Rb3 Bc5
58.Ne5+ Kg7 59.Nd3 Bd6 60.f4 Kf6 61.Kf3 Ra8 62.Nf2 Kf7 63.Ne4 Be7 64.Rb7 Kf8
65.Kg4 Ra4 66.Ng5 e5 67.Ne6+ Kf7 68.Kf5 exf4 69.Nxf4 Ra5+ 70.Kg4 Ke8 71.h4 Bd6
72.Rb3 Ra4 73.Rf3 Kf7 74.Kh3 Kg7 75.Ne6+ Kg6 76.g4 Be7 77.Nf4+ Kh6 78.Nd5 Bd8
79.Re3 Rd4 80.Ne7 Ra4 81.Re6+ Kg7 82.Nf5+ Kf7 83.Rd6 Ra3+ 84.Kg2 Bf6 85.g5 Be5
86.g6+  1-0

[Event "24th ch-Southern California 2012"]
[Site "Monterey Park USA"]
[Date "2012.07.14"]
[Round "2"]
[White "Akopyan,H"]
[Black "Stein,J"]
[Result "0-1"]
[WhiteElo "2208"]
[BlackElo "2128"]

1.e4 c5 2.Nf3 d6 3.Bb5+ Nd7 4.O-O a6 5.Bxd7+ Bxd7 6.Qe2 Nf6 7.Rd1 Rc8 8.h3 g6
9.d3 Bg7 10.c3 O-O 11.Na3 b5 12.Nc2 Bc6 13.Bg5 Qc7 14.Nd2 Rfe8 15.Rac1 Qb7
16.Re1 a5 17.d4 cxd4 18.cxd4 b4 19.e5 Nd5 20.exd6 exd6 21.Qg4 Rxe1+ 22.Nxe1 Bd7
23.Rxc8+ Qxc8 24.Qe4 Be6 25.Kh2 a4 26.Nc2 h6 27.Be3 Nf6  0-1

[Event "TCh-CHN 2012"]
[Site "Tianjin CHN"]
[Date "2012.07.14"]
[Round "10"]
[White "Kuang Yinghui"]
[Black "Wang Jue"]
[Result "1-0"]
[WhiteElo "2205"]
[BlackElo "2366"]

1.e4 c5 2.Nf3 d6 3.Bb5+ Nd7 4.c3 Nf6 5.Qe2 a6 6.Ba4 b5 7.Bc2 Bb7 8.d4 e5
9.O-O Be7 10.Rd1 Qc7 11.dxe5 dxe5 12.Nbd2 c4 13.Nf1 Nc5 14.Ng3 O-O 15.b3 a5
16.bxc4 bxc4 17.Bg5 g6 18.Nd2 Ne6 19.Bxf6 Bxf6 20.Qxc4 Qe7 21.Qe2 Nf4 22.Qf3 Rac8
23.c4 Qc7 24.Ngf1 Be7 25.Ne3 Bc5 26.Bb3 Kg7 27.Nd5 Qd6 28.Nxf4 exf4 29.Qe2 Qf6
30.Ba4 Rfd8 31.Rab1 Ba8 32.Nb3 Bb6 33.Rxd8 Qxd8 34.Rd1 Qe7 35.Nd2 Qa3 36.Bd7 Rc7
37.Nf3 Qc3 38.Bb5 Re7 39.Qd2 Qxd2 40.Nxd2 f5 41.exf5 Re2 42.c5 Rxd2 43.Rxd2 Bxc5
44.fxg6 hxg6 45.Kf1 Kf6 46.f3 Ke5 47.Rc2 Be3 48.Bc6 Bxc6 49.Rxc6 g5 50.Ra6 Bd2
51.Ke2 Bc3 52.a3 Kd4 53.Rg6 Kc4 54.Rxg5 Kb3 55.Kd3 Be1 56.Re5  1-0

[Event "2nd Science Park Open A"]
[Site "Amsterdam NED"]
[Date "2012.07.15"]
[Round "2"]
[White "Punt,R"]
[Black "Vereggen,L"]
[Result "0-1"]
[WhiteElo "2141"]
[BlackElo "2051"]

1.e4 c5 2.Nf3 d6 3.Bb5+ Bd7 4.Bxd7+ Qxd7 5.c4 g6 6.Nc3 Bg7 7.d4 cxd4 8.Nxd4 Nc6
9.Nde2 Nf6 10.O-O O-O 11.f3 Rfd8 12.Kh1 e6 13.Bg5 h6 14.Bh4 g5 15.Bg3 d5
16.exd5 exd5 17.Qa4 d4 18.Nb5 a6 19.Na3 d3 20.Nc3 Nh5 21.Bf2 Bxc3 22.bxc3 b5
23.cxb5 axb5 24.Qb3 Nf4 25.Nxb5 Na5 26.Qa4 Rdb8 27.Rab1 Qc6 28.Qe4 Qxe4 29.fxe4 Nc4
30.Rb4 Rxa2 31.Rxc4 Rxb5 32.Bd4 Rbb2 33.Rc8+ Kh7 34.Rh8+ Kg6 35.Bg1 Rxg2
36.Rxf4 gxf4 37.Rg8+ Kh7 38.Rxg2 Rxg2  0-1

[Event "Irish Championships 2012"]
[Site "Dublin IRL"]
[Date "2012.07.15"]
[Round "9.2"]
[White "Fitzsimons,D"]
[Black "O'Connell,G"]
[Result "1-0"]
[WhiteElo "2294"]
[BlackElo "2160"]

1.e4 c5 2.Nf3 d6 3.Bb5+ Bd7 4.Bxd7+ Qxd7 5.O-O Nc6 6.Qe2 e6 7.Rd1 Nge7 8.d4 cxd4
9.Nxd4 Nxd4 10.Rxd4 Nc6 11.Rd1 O-O-O 12.c4 Qc7 13.Nc3 a6 14.Be3 Kb8 15.Rac1 Be7
16.b4 Nxb4 17.Rb1 d5 18.exd5 exd5 19.Nxd5 Nxd5 20.cxd5 Bc5 21.Rdc1 Rhe8 22.Qf3 Rxe3
23.fxe3 Rxd5 24.Rc3 Re5 25.Rcb3 b6 26.g3 Ka7 27.Kg2 f6 28.Rd3 Rxe3 29.Rxe3 Bxe3
30.Rd1 Bc5 31.Qf5 Qc6+ 32.Kh3 a5 33.Rd7+ Ka6 34.Rxg7 a4 35.Rxh7 a3 36.Rh4 Qd6
37.Qc8+ Kb5 38.Qe8+ Qc6 39.Qxc6+ Kxc6 40.Rf4 Be7 41.Kg4 b5 42.Kf5 b4 43.Rf3 Bc5
44.Rb3  1-0

[Event "16th Battle of Senta Open A"]
[Site "Senta SRB"]
[Date "2012.07.15"]
[Round "2.22"]
[White "Dinic,N"]
[Black "Strugnell,C"]
[Result "0-1"]
[WhiteElo "2024"]
[BlackElo "2234"]

1.e4 c5 2.Nf3 d6 3.Bb5+ Nc6 4.O-O Bd7 5.c3 a6 6.Ba4 Nf6 7.Re1 b5 8.Bc2 e5
9.d4 Qc7 10.h3 cxd4 11.cxd4 exd4 12.Bb3 Qb6 13.Bd5 Rc8 14.Bf4 Be7 15.Na3 O-O
16.Nc2 Rfe8 17.Nfxd4 Ne5 18.Ne3 g6 19.Nf3 Qb8 20.Ng5 Nxd5 21.Nxd5 Bd8 22.Qb3 Nc4
23.Rab1 f6 24.Nf3 g5 25.Bg3 Be6 26.Qd3 Ne5 27.Bxe5 dxe5 28.Rbc1 Kg7 29.Nd2 Bb6
30.Rxc8 Rxc8 31.Nf1 Qd6 32.Qf3 Bxd5 33.exd5 Rc2 34.Ng3 Rxf2 35.Nf5+ Kf8 36.Nxd6 Rxf3+
37.Kh2 Rd3 38.Ne4 Bd8 39.d6 Rd4 40.Re2 h5 41.g4 h4 42.Kg2 Kf7 43.Kf3 Ke6
44.b3 Bb6 45.Rc2 Rd3+ 46.Kg2 Re3 47.Rc6 Bd4  0-1

[Event "16th Battle of Senta Open A"]
[Site "Senta SRB"]
[Date "2012.07.15"]
[Round "3.3"]
[White "Lukovic,V"]
[Black "Nestorovic,De"]
[Result "1/2-1/2"]
[WhiteElo "2329"]
[BlackElo "2404"]

1.e4 c5 2.Nf3 d6 3.Bb5+ Bd7 4.Bxd7+ Qxd7 5.O-O Nc6 6.Qe2 Nf6 7.c3 e6 8.Rd1 Be7
9.d4 cxd4 10.cxd4 d5 11.e5 Ne4 12.Ne1 f6 13.f3 Ng5 14.Nc3  1/2-1/2

[Event "35th Taminco Open"]
[Site "Ghent BEL"]
[Date "2012.07.16"]
[Round "6.6"]
[White "Van Baarle,J"]
[Black "Van der Stricht,G"]
[Result "0-1"]
[WhiteElo "2209"]
[BlackElo "2403"]

1.e4 c5 2.Nf3 d6 3.Bb5+ Bd7 4.Bxd7+ Qxd7 5.c4 Nc6 6.d4 cxd4 7.Nxd4 Nf6 8.Nc3 e6
9.O-O Be7 10.b3 O-O 11.Be3 Rfe8 12.f3 a6 13.a4 Na5 14.Rb1 Qc7 15.Qd2 Rad8
16.Qf2 Nd7 17.Rfd1 Bf6 18.Qa2 Nc6 19.Nde2 Nb4 20.Qd2 Nc5 21.Na2 Nxa2 22.Qxa2 Qe7
23.a5 Rc8 24.Qd2 Rc6 25.Nd4 Rcc8 26.Ne2 Qc7 27.Nc3 Nxb3 28.Rxb3 Qxc4 29.Qc2 d5
30.Rxb7 Bxc3 31.Kh1 d4 32.Bd2 Qe2  0-1

[Event "Corporation Centre Cup A"]
[Site "Izhevsk RUS"]
[Date "2012.07.16"]
[Round "2"]
[White "Gabaidulina,Olga"]
[Black "Arzamastsev,A"]
[Result "0-1"]
[WhiteElo "1927"]
[BlackElo "2142"]

1.e4 c5 2.Nf3 d6 3.Bb5+ Nc6 4.O-O Bd7 5.c3 Nf6 6.Re1 a6 7.Bf1 Bg4 8.d3 e6
9.Be3 Be7 10.Nbd2 O-O 11.d4 d5 12.e5 Ne4 13.h3 cxd4 14.cxd4 Nxd2 15.hxg4 Nxf3+
16.gxf3 f6 17.f4 g5 18.exf6 Bxf6 19.fxg5 Bxg5 20.Qd2 Bxe3 21.Qxe3 Qh4 22.f3 Rf6
23.Bg2 Raf8 24.Rad1 h5 25.gxh5 Qxh5 26.Qf2 R8f7 27.Re3 Rg7 28.Rd2 Rfg6 29.Qf1 Qh3
30.Red3 Rh7 31.Kf2 Qg3+  0-1

[Event "Turkish Bank Chess League 2012"]
[Site "Konya TUR"]
[Date "2012.07.16"]
[Round "7"]
[White "Eden,Y"]
[Black "Alper,M"]
[Result "1-0"]
[WhiteElo "1754"]
[BlackElo "2010"]

1.e4 c5 2.Nf3 d6 3.Bb5+ Nc6 4.Bxc6+ bxc6 5.c3 g6 6.O-O Bg7 7.Re1 e6 8.e5 d5
9.b3 Ne7 10.Ba3 Qb6 11.d4 cxd4 12.cxd4 Qc7 13.Qc1 Bb7 14.Bd6 Qd7 15.Qa3 Nc8
16.Bc5 Bf8 17.Bxf8 Rxf8 18.Nc3 Qe7 19.Qxe7+ Kxe7 20.Na4 Nb6 21.Nc5 Bc8 22.Rec1 Nd7
23.Ne1 Nxc5 24.Rxc5 Bd7 25.Nd3 Rfb8 26.Ra5 Rb5 27.Rxb5 cxb5 28.Rc1 Rc8 29.Rxc8 Bxc8
30.b4 g5 31.f3 Bd7 32.Kf2 Kf8 33.g4 Kg7 34.Kg3 Kg6 35.f4 h6 36.Ne1 f6 37.exf6 Kxf6
38.Nf3 Be8 39.Ne5 Bg6 40.fxg5+ hxg5 41.h4 gxh4+ 42.Kxh4 Bb1 43.a3 Bc2 44.Kg3 Kg5
45.Nf3+ Kf6 46.Kf4 Be4 47.Ne5 Bc2 48.Nc6 Bd3 49.Nxa7 Be2 50.Nc6 Bd3 51.Ne5 Be4
52.Nd7+ Ke7 53.Nc5 Bc2 54.Ke5 Bd1 55.g5 Bg4 56.g6 Bf5 57.g7 Bh7 58.Nxe6 Bg8
59.Nc7 Kf7 60.Nxb5 Kxg7 61.a4  1-0

[Event "Turkish Bank Chess League 2012"]
[Site "Konya TUR"]
[Date "2012.07.16"]
[Round "7"]
[White "Duman,A"]
[Black "Tsatsalashvili,K"]
[Result "0-1"]
[WhiteElo "2215"]
[BlackElo "2286"]

1.e4 c5 2.Nf3 d6 3.Bb5+ Nd7 4.d4 cxd4 5.Qxd4 a6 6.Bxd7+ Bxd7 7.c4 Rc8 8.Nc3 Nf6
9.a4 h6 10.O-O e5 11.Qd3 Be7 12.b3 O-O 13.Ba3 Be6 14.Rfd1 Qa5 15.Qd2 Kh8
16.Rac1 Rfd8 17.Nd5 Qxd2 18.Nxd2 Bf8 19.Nxf6 gxf6 20.f3 h5 21.a5 Rc6 22.Nf1 b6
23.axb6 Rxb6 24.Rc3 Rdb8 25.Rdd3 a5 26.Ng3 h4 27.Nf5 a4 28.bxa4 Rb1+ 29.Kf2 Ra1
30.Rd2 Bxf5 31.exf5 Rbb1 32.Rb2 Rxa3 33.Rxb1 Rxc3 34.Rb8 Kg7 35.a5 Rxc4 36.Rb5 Ra4
37.Ke3 Be7 38.a6 Rxa6 39.Rb4 Ra3+ 40.Kf2  0-1

[Event "16th Battle of Senta Open A"]
[Site "Senta SRB"]
[Date "2012.07.16"]
[Round "4.4"]
[White "Pezelj,N"]
[Black "Arsovic,G"]
[Result "1/2-1/2"]
[WhiteElo "2327"]
[BlackElo "2426"]

1.e4 c5 2.Nf3 d6 3.Bb5+ Bd7 4.Bxd7+ Qxd7 5.O-O Nf6 6.Qe2 Nc6 7.b3 g6 8.Bb2 Bg7
9.d4 Nh5 10.Qe3 Qg4 11.h3 Qf4 12.Qd3 cxd4 13.Nxd4 Bxd4 14.Bxd4 Nxd4 15.Qxd4 Qf6
16.Qxf6 Nxf6  1/2-1/2

[Event "16th Battle of Senta Open A"]
[Site "Senta SRB"]
[Date "2012.07.16"]
[Round "4.24"]
[White "Savic,Draga"]
[Black "Racz,P"]
[Result "1-0"]
[WhiteElo "2174"]
[BlackElo "2006"]

1.e4 c5 2.Nf3 d6 3.Bb5+ Bd7 4.Bxd7+ Qxd7 5.O-O Nc6 6.c3 Nf6 7.Re1 e6 8.d4 cxd4
9.cxd4 Be7 10.Nc3 O-O 11.h3 Rac8 12.d5 Ne5 13.Nd4 Nc4 14.Qd3 Ne5 15.Qb5 Qxb5
16.Ndxb5 a6 17.Nd4 Rc4 18.Rd1 exd5 19.exd5 Re8 20.f3 Bf8 21.Bg5 Ned7 22.Rac1 Rec8
23.Nb3 h6 24.Be3 g6 25.Bf2 h5 26.Rc2 Bg7 27.Re2 b6 28.Nd2 Rxc3 29.bxc3 Nxd5
30.Nb1 Rxc3 31.Rxd5  1-0

[Event "6th Varna Open"]
[Site "Varna BUL"]
[Date "2012.07.16"]
[Round "5.15"]
[White "Savenkov,K"]
[Black "Gurvich,Vitaly"]
[Result "1/2-1/2"]
[WhiteElo "2162"]
[BlackElo "1856"]

1.e4 c5 2.Nf3 d6 3.Bb5+ Bd7 4.Bxd7+ Qxd7 5.c4 Nc6 6.O-O Nf6 7.Nc3 e6 8.d4 cxd4
9.Nxd4 Rc8 10.b3 Be7 11.Bb2 O-O 12.Kh1 Rfd8 13.f4 d5 14.cxd5 exd5 15.e5 Ne4
16.e6 fxe6 17.Nxe4 dxe4 18.Nxc6 Rxc6 19.Qg4 Bf8 20.Be5 Rc5 21.Rae1 Qc6 22.h3 Rc2
23.Re3 Rc1 24.Ree1 Rxe1 25.Rxe1  1/2-1/2